13, 14, 15, or 16? - Statistics

General Stats
  • This quiz has been taken 30 times
    29 since last reset
  • The average score is 8 of 16
Answer Stats
Question Answer % Correct
The amount of original colonies in the US 13
94%
A prime number 13
78%
Year when WW1 started 1914
72%
Triskaidephobia is the fear of the number… 13
67%
The digits of pi that come after the first number (3) 14
67%
Amount of pawns on a chessboard 16
67%
Abraham Lincoln was the… 16th president of the USA
61%
Bastille Day is celebrated on the… 14th of July
50%
Century in which Columbus sailed to America 15th century
50%
Amount of cups in a gallon 16
44%
Year in which Russia annexed Crimea 2014
39%
The Great London Fire happened in the year… 1666
33%
Amount of countries in Oceania 14
28%
Amount of states of Germany 16
22%
Amendment that granted African-Americans the right to vote 14th amendment
17%
The amount of stars on the flag of the EU 13
11%
No matching quizzes found
Score Distribution
Percent of People with Each Score
Percentile by Number Answered
Your Score History
You have not taken this quiz since the last reset